Conferencia de seguros sociales (Record no. 30780)

MARC details
000 -LEADER
campo de control de longitud fija 00801nam a2200205 i 4500
001 - NÚMERO DE CONTROL
campo de control 30780
003 - IDENTIFICADOR DE NÚMERO DE CONTROL
campo de control ES-MaACL
005 - FECHA Y HORA DE LA ÚLTIMA TRANSACCIÓN
campo de control 20250826060649.0
007 - CAMPO FIJO DE DESCRIPCIÓN FÍSICA--INFORMACIÓN GENERAL
campo de control de longitud fija t|
008 - DATOS DE LONGITUD FIJA--INFORMACIÓN GENERAL
campo de control de longitud fija 030127s1917 sp ||||1| spa d
100 1# - ENTRADA PRINCIPAL--NOMBRE DE PERSONA
Nombre de persona Bayo y González-Elipe, José Manuel de.
9 (RLIN) 26699
245 10 - MENCIÓN DEL TÍTULO
Título Conferencia de seguros sociales
Resto del título : ponencia sobre el seguro obligatorio de accidentes del trabajo en la agricultura /
Mención de responsabilidad, etc. José Manuel de Bayo y González-Elipe.
260 ## - PUBLICACIÓN, DISTRIBUCIÓN, ETC.
Lugar de publicación, distribución, etc. Madrid :
Nombre del editor, distribuidor, etc. [s.n.],
Fecha de publicación, distribución, etc. 1917 (
Fabricante Sobrinos de la Suc. de M. Minuesa de los Rios)
300 ## - DESCRIPCIÓN FÍSICA
Extensión 81 p. ;
Dimensiones 23 cm.
650 07 - PUNTO DE ACCESO ADICIONAL DE MATERIA--TÉRMINO DE MATERIA
Término de materia o nombre geográfico como elemento de entrada Accidentes de trabajo
Fuente del encabezamiento o término embne
9 (RLIN) 9573
650 ## - PUNTO DE ACCESO ADICIONAL DE MATERIA--TÉRMINO DE MATERIA
Término de materia o nombre geográfico como elemento de entrada Seguridad social-
Subdivisión geográfica España.
9 (RLIN) 17023
711 2# - ENTRADA AGREGADA--NOMBRE DE REUNIÓN
Nombre de congreso/reunión o jurisdicción como elemento de entrada Conferencia de Seguros Sociales (
Fecha del congreso o de la firma del tratado 1917.
Sede del congreso/Lugar de la reunión Madrid)
9 (RLIN) 164470
852 ## - LOCALIZACIÓN
Ubicación ES-MaACL
Número de control de estantería 1544-F-10
Holdings
Estatus retirado Estado de pérdida Estado de daño No para préstamo Colección Biblioteca de origen Biblioteca actual Ubicación en estantería Fecha de adquisición Fuente de adquisición Total de préstamos Signatura topográfica completa Código de barras Visto por última vez Precio de reemplazo Tipo de ítem Koha
        Colección de folletos Biblioteca del Ateneo de Madrid Biblioteca del Ateneo de Madrid Depósito folletos 17/01/2008     1544-F-10 1031794 23/02/2023 23/02/2023 Folleto